书目信息 |
| 题名: |
旅游管理信息系统
|
|
| 作者: | 邸德海 主编 | |
| 分册: | ||
| 出版信息: | 天津 南开大学出版社 2000 |
|
| 页数: | 335页 | |
| 开本: | 20cm | |
| 丛书名: | ||
| 单 册: | ||
| 中图分类: | F59-39 , F59 | |
| 科图分类: | ||
| 主题词: | 旅游业--管理信息系统--高等学校--教材 | |
| 电子资源: | ||
| ISBN: | 7-310-01407-3 | |
| 000 | 00844nam0 2200241 450 | |
| 001 | 0709000100 | |
| 005 | 20070531081400.73 | |
| 010 | @a7-310-01407-3@dCNY20.00 | |
| 100 | 0 | @a20010711e20052000em y0chiy0110 ea |
| 101 | 0 | @achi |
| 102 | @aCN@b120000 | |
| 105 | @ay z 000yy | |
| 200 | 1 | @a旅游管理信息系统@Alv you guan li xin xi xi tong@f邸德海主编 |
| 210 | @a天津@c南开大学出版社@d2000@h2005 | |
| 215 | @a335页@d20cm | |
| 300 | @a高等院校旅游专业系列教材 | |
| 330 | @a本书总结了国内外信息技术在旅游业和企业管理中的应用,结合信息系统方法和最新的电子商务技术,以完整的案例形式介绍了旅游管理信息系统的理论和实践,是一本比较实用的旅游管理专业教材。 | |
| 606 | 0 | @a旅游业@x管理信息系统@x高等学校@j教材 |
| 690 | @aF59-39@v4 | |
| 690 | @aF59@v3 | |
| 701 | 0 | @a邸德海@Adi de hai@4主编 |
| 801 | 0 | @aCN@bNLC@c20070531 |
| 905 | @a10447@dF59@e140 | |
| 旅游管理信息系统/邸德海主编.-天津:南开大学出版社,2000(2005) |
| 335页;20cm |
| 高等院校旅游专业系列教材 |
| ISBN 7-310-01407-3:CNY20.00 |
| 本书总结了国内外信息技术在旅游业和企业管理中的应用,结合信息系统方法和最新的电子商务技术,以完整的案例形式介绍了旅游管理信息系统的理论和实践,是一本比较实用的旅游管理专业教材。 |
| ● |
| 相关链接 |
|
|
|
|
正题名:旅游管理信息系统
索取号:F59/140
 
预约/预借
| 序号 | 登录号 | 条形码 | 馆藏地/架位号 | 状态 | 备注 |
| 1 | 0523618 | 205236181 | 第一样本阅览室/ [索取号:F59/140] | 在馆 | |
| 2 | 0523619 | 205236190 | 第一借阅区/ [索取号:F59/140] | 在馆 | |
| 3 | 0523620 | 205236207 | 第一借阅区/ [索取号:F59/140] | 在馆 | |
| 4 | 0523621 | 205236216 | 第一借阅区/ [索取号:F59/140] | 在馆 | |
| 5 | 0523622 | 205236225 | 第一借阅区/ [索取号:F59/140] | 在馆 | |
| 6 | 0523623 | 205236234 | 密集书库/ [索取号:F59/140] | 在馆 | |
| 7 | 0523624 | 205236243 | 密集书库/ [索取号:F59/140] | 在馆 | |
| 8 | 0523625 | 205236252 | 密集书库/ [索取号:F59/140] | 在馆 |